Giáo trình linh kiện điện tử : (Dùng cho sinh viên Cao đẳng)

में बचाया:
ग्रंथसूची विवरण
मुख्य लेखक: Nguyễn, Viết Nguyên
स्वरूप: पुस्तक
भाषा:Undetermined
प्रकाशित: Hà Nội Giáo dục 2007
विषय:
टैग : टैग जोड़ें
कोई टैग नहीं, इस रिकॉर्ड को टैग करने वाले पहले व्यक्ति बनें!
Thư viện lưu trữ: Trung tâm Học liệu Trường Đại học Cần Thơ
LEADER 00666nam a2200217Ia 4500
001 CTU_127778
008 210402s9999 xx 000 0 und d
020 |c 21500 
082 |a 621.3815 
082 |b Ng527 
100 |a Nguyễn, Viết Nguyên 
245 0 |a Giáo trình linh kiện điện tử : 
245 0 |b (Dùng cho sinh viên Cao đẳng) 
245 0 |c Nguyễn Viết Nguyên (chủ biên) ... [et al.] 
260 |a Hà Nội 
260 |b Giáo dục 
260 |c 2007 
650 |a Electronics 
650 |x Apparatus and appliances 
904 |i Tuyến 
980 |a Trung tâm Học liệu Trường Đại học Cần Thơ